• 首页
  • 本馆介绍
  • 公告通知
  • 最新文献
  • 馆藏检索
  • 电子资源
  • 读者导购
  • 参考咨询
  • 我的图书馆
  • 登录
  • 详细信息显示
  • 放入我的书架
  • 预约/预借图书
  • 作者相关作品
  • 分类相关作品
  • 丛书相关作品
  • 出版社相关作品

书目信息

  • 表格格式
  • 工作单格式
  • 卡片格式
题名:
飞镖与射箭运动入门
    
 
作者: 邱小慧 , 常海林 编著
分册:  
出版信息: 南京   江苏科学技术出版社  2002.01
页数: 178页
开本: 19cm
丛书名: 休闲健身丛书
单 册:
中图分类: G887
科图分类:
主题词: 射箭--基本知识 , 文娱性体育活动,飞镖--基本知识
电子资源:
ISBN: 7-5345-3460-7
000 00734nam2 2200241 45
001 0401291643
005 20040130024755.7
010    @a7-5345-3460-7@dCNY9.00
100    @a20040129d2002 km y0chiy0120 ea
101 0  @achi
105    @aa z 000yy
200 1  @a飞镖与射箭运动入门@AFei Biao Yu She Jian Yun Dong Ru Men@f邱小慧,常海林编著@FQiu Xiao Hui,Chang Hai Lin Bian Zhu
210    @a南京@c江苏科学技术出版社@d2002.01
215    @a178页@c图@d19cm
225    @a休闲健身丛书
410    @12001 @a休闲健身丛书
606 0  @a射箭@x基本知识
606 0  @a文娱性体育活动,飞镖@x基本知识
690    @aG887@v4
701    @a邱小慧@4编著
701  0 @a常海林@4编著
801    @aCN@bTSTCL@c20040129
905    @b333061-065@dG887@e27@f5
    
    飞镖与射箭运动入门/邱小慧,常海林编著.-南京:江苏科学技术出版社,2002.01
    178页:图;19cm.-(休闲健身丛书)
    
    
    ISBN 7-5345-3460-7:CNY9.00
    
●
相关链接 在E读中查询图书 在五车中查询图书 在当当中查询图书 在豆瓣中查询图书


正题名:飞镖与射箭运动入门     索取号:G887/27         预约/预借

序号 登录号 条形码 馆藏地/架位号 状态 备注
1 0333061   203330617   第四借阅区/ [索取号:G887/27] 在馆    
2 0333062   203330626   第四借阅区/ [索取号:G887/27] 在馆    
3 0333063   203330635   第四借阅区/ [索取号:G887/27] 在馆    
4 0333064   203330644   第四借阅区/ [索取号:G887/27] 在馆    
5 0333065   203330653   第一样本阅览室/ [索取号:G887/27] 在馆    
唐山师范学院图书馆 欢迎您!
大连网信软件有限公司© 版权所有